| 000 | 00880nam a2200217 a 4500 | ||
|---|---|---|---|
| 001 | 000036906 | ||
| 005 | 20240412074258.0 | ||
| 008 | 120206s2011 dr 001 p spa d | ||
| 040 |
_aDO-SdBNP _bspa _cBNPHU |
||
| 082 |
_aRD861.5 _bP438v |
||
| 100 | 1 |
_aPérez Cuevas, Carlos Gabriel, _d1988- _963297 |
|
| 245 | 1 | 0 |
_aVilla helada : _bel legado del viaje sin fin / _cC. Gabriel. |
| 260 |
_aSanto Domingo : _bRumbo Sur, _c2011. |
||
| 300 |
_a64 p. ; _c23 cm. |
||
| 500 | _aIncluye datos biográficos del autor en la solapa. | ||
| 505 | 0 |
_tVilla Helada -- _tHotIsland -- _tCamino a Villa Helada -- _tIceland -- _tEl viaje sin regreso -- _tDecisiones futuras -- _tEl mundo espiritual natural -- _tInvención de la historia. |
|
| 590 | _aInventariado, 2018/LP | ||
| 650 | 0 |
_aCuentos dominicanos _9176 |
|
| 650 | 0 |
_aLiteratura dominicana. _967 |
|
| 910 | _aValidado. Control de la calidad EMS. | ||
| 999 |
_c36396 _d36396 |
||